| АИС "Историко-культурное наследие Беларуси" | ||
| Базовый | Расширенный | Профессиональный | Словарь персоналий | Тематический словарь | По видам объектов | История запросов Заказы | Регистрация | |
Запись в MARC-формате
| копировать MARC-запись |
=LDR 00000nx\\c22001453\\45\\
=001 BY-ArchLib-ar831
=005 20140516104242.1
=100 \\$a20081203cbely8950\\\\ca0
=102 \\$aBY
=152 \\$apsbo
=106 \\$a0
=215 \\$aТрсцяніца, бескурганны могільнік (Ратайчыцкі с/с; Камянецкі р-н; Брэсцкая вобл.)
=801 \0$aBY$bHistory$c20081203
=810 \\$aСписок памятников истории и культуры республиканского значения Белорусской ССР: Спр. изд. В 2-х кн. Кн. 2. Памятники археологии / Мн., БелСЭ, 1990. - 279 с.
=999 \\$aМедведева
Чтобы вернуться назад, щелкните кнопку BACK на Вашем браузере